000 00287nam a22001337a 4500
008 170926b xxu||||| |||| 00| 0 eng d
020 _a9781563709852
041 _aeng
080 _23 ED
_a37
100 _a46
101 _aEDU
245 _aBEST RESUME
_cNOBLE.D.E
942 _2udc
_cBK
999 _c30084
_d30084